| 000 | 00534nam a2200157Ia 4500 | ||
|---|---|---|---|
| 008 | 170221s9999 xx 000 0 und d | ||
| 100 | _aAhmad Muhammad Auwal | ||
| 245 | 4 | _aThe Complexities of New Media: Can the ‘Web Media’ Completely Erase Traditional Media from the Communication Industry? | |
| 245 | _cAhmad Muhammad Auwal | ||
| 260 | _bOnline Journal of Communication and Media Technologies | ||
| 260 | _c2016 | ||
| 300 | _a6 : 3 | ||
| 650 | _xCommunication | ||
| 650 | _xMedia Arts | ||
| 856 | _uhttp://www.ojcmt.net/ | ||
| 999 |
_c306899 _d306899 |
||